000 00597nam a2200265Ia 4500
005 20260306164132.0
008 008 260114s9999 xx 000 0 eng d
020 _a9780231540957
037 _aEBOOK
040 _aCRL
040 _beng
040 _cCRL
041 _2eng
041 _aeng
084 _qCRL
100 _aColb, Dorf
_91130072
245 0 _aBeating Hearts
260 _bColumbia University Press
260 _c2016
650 _aPhilosophy
856 _uhttps://academic.oup.com/book/29929
942 _cEBOOK
999 _c1712891
_d1712891